=LDR 00000nam 2200000 4500 =001 INLIS000000000035936 =005 20130612141744 =008 ***********************************Ind** =035 ##$$0010-061300000035936 =041 ##$$a Ind =082 ##$$a 320 =090 ##$$a 320, ide =100 ##$$a Cheppy Hari Cahyono =245 ##$$a Ideologi Politik =260 ##$$a 1988 $b Yogyakarta =300 ##$$a 104 hlm , 20cm =850 ##$$a NBPNMAT